• 首页
  • 本馆介绍
  • 公告通知
  • 最新文献
  • 馆藏检索
  • 电子资源
  • 读者导购
  • 参考咨询
  • 我的图书馆
  • 登录
  • 详细信息显示
  • 放入我的书架
  • 预约/预借图书
  • 作者相关作品
  • 分类相关作品
  • 丛书相关作品
  • 出版社相关作品

书目信息

  • 表格格式
  • 工作单格式
  • 卡片格式
题名:
中国科学院图书馆图书分类法索引
    
 
作者: ;中国科学院图书馆 编
分册:  
出版信息: 北京   科学出版社  1982
页数: 383页
开本: 25cm
丛书名:
单 册:
中图分类: G257.2
科图分类:
主题词: 图书目录--编制
电子资源:
ISBN:
000 00733nam0 2200241 45
001 0182003224
005 20060816163820.37
010    @b布面精装@dCNY5.30
091    @a17031.156
100    @a19950612d1982 em y0chiy0121 ea
101 0  @achi
102    @aCN@b110000
105    @ay c 000yy
200 10 @a中国科学院图书馆图书分类法索引@Azhong guo ke xue yuan tu shu guan tu shu fen lei fa suo yin@f中国科学院图书馆编@FZhong Guo Ke Xue Yuan Tu Shu Guan Bian
205    @a2版
210    @a北京@c科学出版社@d1982
215    @a383页@d25cm
606 0  @a图书目录@x编制
690    @aG257.2@v3
711 02 @a中国科学院图书馆@4编
801  2 @aCN@bNLC@c20060816
801  0 @aCN@b上海图书馆@c20050427
905    @f1@b145137@dG257.2@e15=2
    
    中国科学院图书馆图书分类法索引/中国科学院图书馆编.-2版.-北京:科学出版社,1982
    383页;25cm
    
    
    ISBN (布面精装):CNY5.30
    
●
相关链接 在E读中查询图书 在五车中查询图书 在当当中查询图书 在豆瓣中查询图书


正题名:中国科学院图书馆图书分类法索引     索取号:G257.2/15=2         预约/预借

序号 登录号 条形码 馆藏地/架位号 状态 备注
1 0145137   001570712   工具书阅览室/ [索取号:G257.2/15=2] 在馆    
2 0465035   204650350   密集书库/ [索取号:G257.2/15=2] 在馆    
唐山师范学院图书馆 欢迎您!
大连网信软件有限公司© 版权所有